[Event "Match"]
[Site "www.echecsemail.com"]
[Date "2016.01.17"]
[Round "1"]
[White "Susov"]
[Black "Darknight"]
[WhiteElo "1850"]
[BlackElo "1730"]
[Result "1-0"]
[Round "1"]
1.e4 e5
2.Ng1f3 d6
3.Nb1c3 c6
4.Bf1c4 h6
5.a3 Ng8f6
6.d4 exd4
7.Qd1xd4 Nb8d7
8.O-O g5
9.Rf1e1 c5
10.Qd4d3 Nd7b6
11.Nc3d5 Bc8e6
12.Nd5xf6 Qd8xf6
13.Bc4xe6 fxe6
14.e5 dxe5
15.Nf3xe5 Nb6d5
16.c4 Nd5b6
17.Qd3g6 Qf6xg6
18.Ne5xg6 Rh8g8
19.Ng6xf8 Rg8xf8
20.Re1xe6 Kd7
21.Re6e4 Ra8d8
22.Bc1e3 Kc6
23.Ra1c1 Rd8d6
24.Re4e5 Nb6d7
25.Re5e7 Rf8d8
26.h3 Nd7b6
27.b4 Nb6c8
28.b5 Kb6
29.Re7e5 Ka5
30.Be3xc5 Rd6d3
31.b6 axb6
32.Bc5e7 Ka6
33.Be7xd8 Rd3xd8
34.Rc1b1 Ka7
35.Re5e6 h5
36.Re6e5 Rd8g8
37.c5 bxc5
38.Re5xc5 h4
39.a4 b6
40.Rc5c7 Kb8
41.Rc7f7 g4
42.Rb1b3 g3
43.f4 Rg8d8
44.Rb3b1 Rd8d5
45.Rf7f8 Kb7
46.f5 Rd5a5
47.f6 Ra5xa4
48.Rf8f7 Ka6
49.Rf7c7 Nc8d6
50.f7 Ra4f4
51.Rb1f1 Rf4xf1
52.Kxf1 Nd6xf7
53.Rc7xf7 Ka5
54.Ke1 b5
55.Kd1 Ka4
56.Kc2 Kb4
57.Rf7f4 Ka3
58.Rf4xh4 b4
59.Rh4xb4 Kxb4
60.h4 Kc4
61.h5 Kd4
62.h6 Ke3
63.h7 Kf2
64.h8Q Kxg2
65.Kd2 Kg1
66.Qh8a1 Kh2
67.Qa1h8 Kg1
68.Ke2 g2
69.Qh8a1 Kh2
70.Kf2 Kh3
71.Qa1g1 { resign }
1-0

[Event "Match"]
[Site "www.echecsemail.com"]
[Date "2016.01.17"]
[Round "1"]
[White "Pinehill"]
[Black "Pare123"]
[WhiteElo "2110"]
[BlackElo "1930"]
[Result "1-0"]
[Round "1"]
1.e4 c5
2.Ng1f3 Nb8c6
3.d4 cxd4
4.Nf3xd4 e5
5.Nd4b5 a6
6.Nb5d6 Bf8xd6
7.Qd1xd6 Ng8e7
8.Nb1c3 O-O
9.Nc3d5 Ne7g6
10.Nd5c7 Ra8b8
11.Bc1e3 b5
12.O-O-O h6
13.g3 Qd8e7
14.Be3c5 Qe7xd6
15.Bc5xd6 Nc6e7
16.Nc7d5 Ne7xd5
17.exd5 Bc8b7
18.Bd6xb8 Rf8xb8
19.Bf1g2 d6
20.b3 Ng6e7
21.f4 f6
22.fxe5 fxe5
23.Rh1f1 Bb7c8
24.Rf1f2 Bc8f5
25.Bg2f1 Rb8c8
26.c4 Bf5e4
27.Bf1h3 Rc8c7
28.Bh3e6 Kh7
29.Kd2 bxc4
30.Kc3 cxb3
31.Kxb3 Rc7c5
32.Rf2f7 Ne7g6
33.Be6f5 Be4xd5
34.Rd1xd5 Rc5xd5
35.Rf7e7 e4
36.Bf5xe4 Rd5e5
37.Re7xe5 dxe5
38.Ka4 h5
39.Ka5 Kh6
40.Kxa6 Ng6e7
41.a4 Ne7c8
42.h3 g5
43.a5 Nc8d6
44.Be4d5 e4
45.Kb6 e3
46.Bd5f3 Nd6c4
47.Kb5 Nc4xa5
48.Kxa5 h4
49.g4 Kg6
50.Kb4 Kf6
51.Kc4 Ke5
52.Kd3 Kf4
53.Bf3g2 Kg3
54.Bg2f1 Kf3
55.Bf1e2 Kf2
56.Be2d1 Kg3
57.Kxe3 Kxh3
58.Ke4 Kg3
59.Kf5 h3
60.Bd1b3 Kh4
61.Bb3d5 { resign }
1-0

[Event "Match"]
[Site "www.echecsemail.com"]
[Date "2016.01.17"]
[Round "1"]
[White "Luzhin"]
[Black "Jaguar91"]
[WhiteElo "2230"]
[BlackElo "2160"]
[Result "1-0"]
[Round "1"]
1.e4 c5
2.c3 e5
3.Ng1f3 Qd8c7
4.d4 exd4
5.cxd4 cxd4
6.Nf3xd4 Ng8f6
7.Nb1c3 a6
8.Bc1g5 Bf8e7
9.Nd4f5 Nf6xe4
10.Nf5xg7 Kf8
11.Bg5xe7 Kxg7
12.Qd1g4 { resign }
1-0

[Event "Match"]
[Site "www.echecsemail.com"]
[Date "2016.01.17"]
[Round "1"]
[White "Ledzepp"]
[Black "Caspito"]
[WhiteElo "1359"]
[BlackElo "1710"]
[Result "0-1"]
[Round "1"]
1.e4 e5
2.d3 Nb8c6
3.Ng1f3 d5
4.Bc1g5 f6
5.Bg5h4 Bc8g4
6.c4 d4
7.Bf1e2 Bf8b4
8.Nb1d2 Qd8d6
9.Qd1a4 Bg4xf3
10.Be2xf3 Bb4xd2
11.Kxd2 g5
12.Qa4b5 gxh4
13.c5 Qd6d7
14.Qb5xb7 Ra8b8
15.Qb7a6 Rb8xb2
16.Kc1 Rb2xf2
17.Bf3h5 Ke7
18.Qa6c4 Ng8h6
19.g3 Rh8b8
20.gxh4 Rb8b2
21.h3 a5
22.a4 Rb2c2
23.Qc4xc2 Rf2xc2
24.Kxc2 Nc6b4
25.Kd2 f5
26.Ra1g1 Kf6
27.Rg1f1 Qd7xa4
28.Bh5d1 Qa4a2
29.Ke1 Nb4xd3
{ resign }
0-1

[Event "Match"]
[Site "www.echecsemail.com"]
[Date "2016.01.17"]
[Round "1"]
[White "Elogic"]
[Black "Llord"]
[WhiteElo "1669"]
[BlackElo "1830"]
[Result "1-0"]
[Round "1"]
1.c4 e5
2.e3 d5
3.Nb1c3 Ng8f6
4.d4 e4
5.c5 c6
6.Qd1c2 Bf8e7
7.Bc1d2 O-O
8.Bf1e2 Nf6g4
9.f3 exf3
10.Be2xf3 Nb8a6
11.Nc3e2 Be7h4
12.g3 Bh4e7
13.h3 Ng4f6
14.g4 h6
15.Ne2g3 Nf6h7
16.b4 Nh7g5
17.Bf3e2 Na6c7
18.h4 Ng5h7
19.Be2d3 Nh7f6
20.g5 hxg5
21.hxg5 Nf6e4
22.Bd3xe4 dxe4
23.Qc2xe4 Be7xg5
24.Qe4h7 
1-0

[Event "Eq:Slap Shot Mates-Los Tercios : "]
[Site "www.chess-mail.com"]
[Date "2016.01.17"]
[Round "1"]
[White "Julianlore"]
[Black "Manolinex"]
[WhiteElo "2610"]
[BlackElo "2850"]
[Result "1/2-1/2"]
[Round "1"]
1.e4 e5
2.Ng1f3 Nb8c6
3.Bf1b5 Ng8f6
4.O-O Nf6xe4
5.d4 Ne4d6
6.Bb5xc6 dxc6
7.dxe5 Nd6f5
8.Qd1xd8 Kxd8
9.Nb1c3 Bc8d7
10.b3 Bf8e7
11.Rf1d1 Kc8
12.Bc1b2 b6
13.Rd1d3 Nf5h4
14.Nf3xh4 Be7xh4
15.Nc3e2 c5
16.g3 Bh4g5
17.f4 Bg5e7
18.c4 a5
19.Ne2c3 Rh8e8
20.Nc3d5 Bd7f5
21.Rd3d2 a4
22.Kg2 h5
23.Ra1c1 g6
24.Rc1d1 Kb7
25.Kf2 Bf5g4
26.Rd1c1 Ra8d8
27.Bb2c3 c6
28.Nd5e3 Rd8xd2
29.Bc3xd2 Bg4e6
30.Bd2c3 Re8d8
31.Ke2 Rd8h8
32.Bc3b2 b5
33.Rc1d1 Kc7
34.Kf3 Rh8b8
35.Rd1d2 Rb8a8
36.Bb2c1 Be7d8
37.Rd2c2 Kb7
38.Ke4 Kb6
39.f5 gxf5
40.Ne3xf5 axb3
41.axb3 Ra8a1
42.Nf5g7 Be6g4
43.cxb5 cxb5
44.Bc1e3 Ra1e1
45.Kd3 Bd8e7
46.Rc2f2 Kc6
47.Rf2xf7 Be7d8
48.Ng7f5 c4
49.bxc4 bxc4
50.Ke4 Bg4xf5
51.Rf7xf5 c3
52.Kd3 c2
53.Be3d2 c1Q
54.Bd2xc1 Re1xc1
55.Rf5xh5 Kd5
56.Ke3 Rc1f1
57.Ke2 Rf1f8
58.Rh5h7 Kxe5
59.Rh7b7 Bd8f6
60.Kf3 Kf5
61.h4 Bf6e5
62.Rb7b5 Ke6
63.Kg2 Rf8a8
64.Rb5b3 Kf5
65.Kh3 Ra8a4
66.Rb3f3 Kg6
67.Rf3e3 Be5b8
{ draw }
1/2-1/2

[Event "Fast Game"]
[Site "www.echecsemail.com"]
[Date "2016.01.17"]
[Round "1"]
[White "Gearoidmac"]
[Black "Cal"]
[WhiteElo "1599"]
[BlackElo "1639"]
[Result "1-0"]
[Round "1"]
1.e4 e5
2.Ng1f3 d6
3.d4 exd4
4.Nf3xd4 c5
5.Nd4f3 h6
6.Bf1c4 Bc8e6
7.Bc4xe6 fxe6
8.O-O Ng8f6
9.Nb1c3 Nb8c6
10.h3 Bf8e7
11.b3 O-O
12.Bc1b2 Qd8c7
13.Qd1e2 a6
14.Ra1d1 e5
15.Qe2c4 Kh8
16.Nf3h4 b5
17.Nh4g6 Kh7
18.Ng6xf8 Be7xf8
19.Nc3d5 Qc7d8
20.Nd5xf6 Qd8xf6
21.Qc4e2 Ra8d8
22.a4 Rd8b8
23.axb5 axb5
24.Rd1a1 b4
25.f4 Qf6e6
26.Ra1a6 exf4
27.Ra6xc6 Bf8e7
28.Rf1xf4 Qe6g6
29.e5 Qg6g5
30.Qe2e4 Kh8
31.exd6 Be7f6
32.Bb2xf6 gxf6
33.d7 f5
34.Rc6c8 Rb8xc8
35.dxc8Q Kg7
36.Qe4e5 Kf7
37.Qe5e6 Kg7
38.Qc8g8 { resign }
1-0

[Event "Tourn. n8511"]
[Site "www.chess-mail.com"]
[Date "2016.01.18"]
[Round "1"]
[White "Tartan"]
[Black "Yangqi"]
[WhiteElo "2370"]
[BlackElo "2610"]
[Result "0-1"]
[Round "1"]
1.e4 g6
2.d4 Bf8g7
3.c4 d6
4.Nb1c3 Ng8f6
5.Ng1f3 O-O
6.Bf1e2 e5
7.O-O Nb8c6
8.d5 Nc6e7
9.Nf3e1 Nf6d7
10.Bc1e3 f5
11.f3 f4
12.Be3f2 g5
13.g4 h5
14.h3 b6
15.Ne1d3 Kf7
16.Kg2 Rf8h8
17.Rf1h1 Ne7g6
18.Nd3b4 Nd7b8
19.a3 a5
20.Nb4d3 Nb8d7
21.Qd1c2 Nd7f6
22.b3 Rh8h6
23.Ra1g1 Bc8d7
24.b4 axb4
25.axb4 Qd8h8
26.Nc3b5 Ra8c8
27.Qc2a2 Qh8h7
{ resign }
0-1

[Event "Tourn. n8536"]
[Site "www.chess-mail.com"]
[Date "2016.01.18"]
[Round "1"]
[White "Bojan"]
[Black "Malbertan"]
[WhiteElo "2030"]
[BlackElo "2050"]
[Result "1-0"]
[Round "1"]
1.e4 e5
2.Ng1f3 d6
3.d4 f5
4.Bf1d3 fxe4
5.Bd3xe4 Ng8f6
6.Be4d3 e4
7.Qd1e2 d5
8.Bd3b5 c6
9.Bb5a4 Bf8e7
10.Nf3e5 O-O
11.Bc1e3 Nb8d7
12.c4 Nd7xe5
13.dxe5 Be7b4
14.Nb1c3 d4
15.exf6 dxc3
16.O-O Qd8xf6
17.bxc3 Bb4xc3
18.Ra1c1 Bc8e6
19.Ba4b3 a5
20.Qe2c2 Bc3d4
21.Qc2xe4 Bd4xe3
22.Qe4xe3 Ra8e8
23.Qe3b6 Re8a8
24.Qb6xb7 a4
25.Bb3d1 Rf8b8
26.Qb7xc6 Rb8c8
27.Qc6e4 Be6f7
28.Bd1e2 Rc8e8
29.Qe4c2 Qf6e5
30.Be2d3 h6
31.Rc1b1 Qe5c5
32.Rb1b5 Qc5d4
33.Rf1d1 Qd4f4
34.a3 Re8c8
35.Rb5b4 Qf4c7
36.Rd1c1 Bf7e8
37.c5 Ra8a5
38.Rb4c4 Be8b5
39.Rc4c3 Bb5xd3
40.Qc2xd3 Qc7e7
41.c6 Ra5e5
42.Qd3d1 Re5e6
43.Qd1d2 Qe7e8
44.c7 Re6e7
45.h3 Re7d7
46.Qd2f4 Qe8e7
47.Rc3e3 Qe7f7
48.Qf4xa4 Rd7xc7
49.Rc1xc7 Qf7xc7
50.Qa4e4 Qc7c1
51.Kh2 Qc1d2
52.Qe4e6 { resign }
1-0

[Event "Tourn. n8580"]
[Site "www.chess-mail.com"]
[Date "2016.01.18"]
[Round "1"]
[White "Gatrooper"]
[Black "Duff"]
[WhiteElo "1690"]
[BlackElo "1800"]
[Result "0-1"]
[Round "1"]
1.e4 e5
2.a3 Ng8f6
3.Nb1c3 Nb8c6
4.h3 Bf8c5
5.d3 h6
6.Bc1e3 Bc5b6
7.Be3xb6 axb6
8.Ng1f3 d6
9.Bf1e2 O-O
10.Qd1d2 Bc8e6
11.g4 d5
12.exd5 Nf6xd5
13.Nc3xd5 Be6xd5
14.Rh1g1 Nc6d4
15.Nf3xd4 exd4
16.g5 hxg5
17.Rg1xg5 Rf8e8
18.c3 dxc3
19.Qd2xc3 Qd8xg5
20.Kd1 Qg5g1
21.Qc3e1 Qg1xe1
22.Kxe1 Bd5f3
23.O-O-O Re8xe2
24.Rd1g1 Re2xf2
25.d4 Ra8e8
26.h4 Re8e2
27.h5 Bf3xh5
28.Rg1h1 g6
29.a4 Re2xb2
30.Rh1xh5 gxh5
31.d5 Rb2a2
32.Kb1 Ra2e2
33.Kc1 Rf2f1
{ resign }
0-1

[Event "Tourn. n8510"]
[Site "www.chess-mail.com"]
[Date "2016.01.18"]
[Round "1"]
[White "Xkafi"]
[Black "Terrible"]
[WhiteElo "2000"]
[BlackElo "2290"]
[Result "0-1"]
[Round "1"]
1.e4 e5
2.a3 Ng8f6
3.Nb1c3 Nb8c6
4.Bf1c4 a6
5.d3 Bf8c5
6.Bc1g5 h6
7.Bg5h4 g5
8.Bh4g3 d6
9.h3 Nc6d4
10.Nc3d5 c6
11.Nd5e3 Nd4e6
12.Ne3f5 Ne6f4
13.Bg3xf4 gxf4
14.g3 fxg3
15.fxg3 Bc8xf5
16.exf5 d5
17.Bc4b3 Qd8b6
18.Qd1e2 Bc5xg1
19.Qe2xe5 Kd7
20.O-O-O Qb6e3
21.Qe5xe3 Bg1xe3
22.Kb1 Ra8e8
23.g4 h5
24.c4 hxg4
25.hxg4 Nf6xg4
26.cxd5 Ng4f2
27.Rh1xh8 Re8xh8
28.dxc6 Kxc6
29.Rd1e1 Rh8h1
30.Re1xh1 Nf2xh1
31.Bb3xf7 Kd6
32.Kc2 Nh1g3
33.Bf7e6 Be3d4
34.Kb3 b6
35.Kc4 Bd4xb2
36.d4 Ng3e4
37.a4 a5
38.Be6f7 Ne4g3
39.Bf7e6 Ng3e2
40.d5 Ne2f4
41.Be6g8 Nf4h5
42.Kb5 Bb2d4
43.Kc4 Bd4c5
44.Bg8e6 Nh5g7
{ resign }
0-1

[Event "Tourn. n8547"]
[Site "www.chess-mail.com"]
[Date "2016.01.18"]
[Round "1"]
[White "Guidom"]
[Black "Neo"]
[WhiteElo "2100"]
[BlackElo "1830"]
[Result "1-0"]
[Round "1"]
1.e4 e5
2.Ng1f3 d6
3.Bf1c4 g6
4.O-O Bf8g7
5.c3 Ng8h6
6.d4 O-O
7.Bc1xh6 Bg7xh6
8.dxe5 dxe5
9.Nf3xe5 Bc8e6
10.Bc4xe6 fxe6
11.Qd1xd8 Rf8xd8
12.g3 Bh6g7
13.Ne5f3 Nb8c6
14.Nb1a3 a6
15.Rf1d1 Nc6e5
16.Nf3xe5 Bg7xe5
17.f4 Be5g7
18.Na3c4 Bg7f8
19.Nc4e5 Bf8d6
20.Ne5f3 Bd6c5
21.Kg2 b6
22.e5 a5
23.Nf3g5 Rd8e8
24.Rd1d7 Bc5e7
25.Ng5xe6 c5
26.Ne6c7 Ra8a7
27.Ra1d1 Re8c8
28.Rd7xe7 Ra7xc7
29.Re7xc7 Rc8xc7
30.Rd1d6 b5
31.b3 b4
32.c4 Kf7
33.Kf3 Ke7
34.Ke4 Rc7c8
35.h3 Rc8g8
36.h4 h5
37.Kd5 Rg8c8
38.e6 Rc8c7
39.Rd6d7 Rc7xd7
40.exd7 Kxd7
41.Kxc5 Ke6
42.Kb5 Kf5
43.c5 Kg4
44.c6 Kxg3
45.c7 Kxh4
46.c8Q Kg3
47.f5 gxf5
48.Qc8xf5 h4
49.Qf5g5 Kh3
50.Kxa5 { resign }
1-0

[Event "Tourn. n8533"]
[Site "www.chess-mail.com"]
[Date "2016.01.18"]
[Round "1"]
[White "Billyg"]
[Black "Iko"]
[WhiteElo "1690"]
[BlackElo "1680"]
[Result "1-0"]
[Round "1"]
1.e4 e5
2.Ng1f3 d6
3.Bf1b5 c6
4.Bb5a4 b5
5.Ba4b3 Ng8f6
6.h3 Nf6xe4
7.O-O c5
8.d3 Ne4f6
9.Bc1g5 Bf8e7
10.Rf1e1 O-O
11.Nb1c3 Nb8c6
12.Nc3xb5 Nc6d4
13.Nb5xd4 cxd4
14.Nf3d2 d5
15.Re1xe5 Qd8d6
16.Bg5f4 g5
17.Bf4g3 Nf6h5
18.Qd1xh5 f5
19.Re5xf5 Qd6g6
20.Bb3xd5 Kg7
21.Bg3e5 Be7f6
22.Be5xf6 Rf8xf6
23.Rf5xg5 Rf6f5
24.Rg5xg6 hxg6
25.Qh5e2 Rf5xd5
26.Qe2e7 Kh6
27.c4 Rd5d7
28.Qe7h4 Kg7
29.Ra1e1 Ra8b8
30.Re1e7 Rd7xe7
31.Qh4xe7 Kh6
32.Nd2e4 Rb8xb2
33.g4 Rb2xa2
34.g5 Kh5
35.Qe7h7 
1-0

[Event "Tourn. n8508"]
[Site "www.chess-mail.com"]
[Date "2016.01.18"]
[Round "1"]
[White "Easychess"]
[Black "Azulmarino"]
[WhiteElo "1600"]
[BlackElo "1710"]
[Result "1-0"]
[Round "1"]
1.Ng1f3 d5
2.d4 Nb8c6
3.Bc1f4 h6
4.e3 Bc8g4
5.Bf1b5 e6
6.h3 Bg4f5
7.Nb1c3 a6
8.Bb5xc6 bxc6
9.O-O Ng8f6
10.Nf3e5 Bf8d6
11.Ne5xc6 Qd8d7
12.Nc6e5 Qd7c8
13.Qd1d2 g5
14.Bf4g3 Bd6b4
15.f3 Nf6h5
16.Bg3f2  { time }
1-0

[Event "Tourn. n8506"]
[Site "www.chess-mail.com"]
[Date "2016.01.18"]
[Round "1"]
[White "Stepanpech"]
[Black "Jhw"]
[WhiteElo "2170"]
[BlackElo "1960"]
[Result "1-0"]
[Round "1"]
1.d4 c6
2.c4 f5
3.Nb1c3 h5
4.e4 fxe4
5.Nc3xe4 d5
6.Ne4c3 Bc8f5
7.Ng1f3 g6
8.cxd5 cxd5
9.Bf1d3 Bf5xd3
10.Qd1xd3  { time }
1-0

[Event "Tourn. n8522"]
[Site "www.chess-mail.com"]
[Date "2016.01.18"]
[Round "1"]
[White "Easychess"]
[Black "Azulmarino"]
[WhiteElo "1630"]
[BlackElo "1710"]
[Result "1-0"]
[Round "1"]
1.d4 d5
2.Nb1c3 Ng8f6
3.Bc1f4 a6
4.e3 Bc8f5
5.Bf1d3 Bf5g4
6.Ng1f3 h6
7.h3 Bg4h5
8.g4 Bh5g6
9.Bd3xg6 fxg6
10.Qd1d3 g5
11.Bf4e5 Nb8c6
12.Qd3g6 Kd7
13.Qg6f5 e6
14.Qf5g6  { time }
1-0

[Event "Tourn. n8585"]
[Site "www.chess-mail.com"]
[Date "2016.01.18"]
[Round "1"]
[White "Hundegana"]
[Black "Duff"]
[WhiteElo "1890"]
[BlackElo "1810"]
[Result "1-0"]
[Round "1"]
1.c4 Ng8f6
2.Ng1f3 b6
3.d3 Bc8b7
4.e4 d6
5.Bc1g5 e5
6.Nb1c3 Bf8e7
7.h3 Nb8d7
8.b4 c5
9.b5 O-O
10.a4 h6
11.Bg5e3 Rf8e8
12.Ra1a2 Be7f8
13.g4 g5
14.Rh1g1 Kh7
15.h4 Nf6g8
16.hxg5 Bf8g7
17.Rg1h1 f6
18.gxh6 Ng8xh6
19.Qd1d2 { resign }
1-0

[Event "Match"]
[Site "www.echecsemail.com"]
[Date "2016.01.18"]
[Round "1"]
[White "Crush"]
[Black "Raulazo"]
[WhiteElo "1570"]
[BlackElo "1860"]
[Result "1-0"]
[Round "1"]
1.e4 e5
2.Ng1f3 Ng8f6
3.Nb1c3 Nf6g4
4.h3 Ng4h6
5.Bf1c4 Nb8c6
6.O-O b6
7.d3 Bc8b7
8.Nf3g5 Qd8f6
9.Nc3d5 Qf6d8
10.f4 f6
11.Ng5f3 Nc6a5
12.fxe5 Bb7xd5
13.Bc4xd5 c6
14.Bd5b3 b5
15.c4 Bf8c5
16.Kh2 Qd8c7
17.Bc1xh6 gxh6
18.Kh1 fxe5
19.cxb5 O-O-O
20.g4 cxb5
21.Bb3d5 d6
22.Bd5e6 Kb8
23.Qd1d2 Na5c6
24.a4 Bc5b4
25.Qd2xh6 Qc7b6
26.Nf3g5 Qb6e3
27.Be6d5 Nc6d4
28.Rf1f7 Bb4c5
29.Qh6g7 Rd8g8
30.Rf7b7 Ka8
31.Rb7xa7 { resign }
1-0

[Event "Match"]
[Site "www.echecsemail.com"]
[Date "2016.01.18"]
[Round "1"]
[White "Manolinex"]
[Black "Conde7"]
[WhiteElo "2890"]
[BlackElo "2830"]
[Result "1/2-1/2"]
[Round "1"]
1.d4 Ng8f6
2.c4 e6
3.Ng1f3 Bf8b4
4.Bc1d2 Bb4xd2
5.Qd1xd2 b6
6.Nb1c3 Bc8b7
7.g3 Bb7xf3
8.exf3 O-O
9.d5 Nb8a6
10.Bf1e2 Na6c5
11.O-O a5
12.f4 Nf6e4
13.Nc3xe4 Nc5xe4
14.Qd2c2 Ne4c5
15.Be2f3 Ra8b8
16.Ra1e1 Qd8f6
17.Re1e3 exd5
18.cxd5 Rf8e8
19.Rf1e1 Re8xe3
20.Re1xe3 g6
21.h4 Kf8
22.Qc2e2 b5
23.Kg2 b4
24.h5 a4
25.Qe2d2 Kg7
26.Re3e2 d6
27.Bf3g4 Kh6
28.Re2e1 Kg7
29.Re1e3 b3
30.a3 Rb8h8
31.Bg4d1 Rh8g8
32.Bd1g4 Rg8h8
33.Re3e1 Rh8b8
34.Re1h1 h6
35.hxg6 fxg6
36.Bg4e6 Rb8e8
37.Rh1c1 Re8e7
38.Rc1c4 Kh7
{ draw }
1/2-1/2

[Event "Match"]
[Site "www.echecsemail.com"]
[Date "2016.01.18"]
[Round "1"]
[White "Chapi"]
[Black "Forest"]
[WhiteElo "2030"]
[BlackElo "1570"]
[Result "1-0"]
[Round "1"]
1.d4 d5
2.c4 c6
3.cxd5 cxd5
4.Nb1c3 Ng8f6
5.Ng1f3 Nb8c6
6.Bc1f4 a6
7.e3 g6
8.Nf3e5 Bc8d7
9.Bf1e2 Bf8g7
10.O-O O-O
11.Ne5xd7 Qd8xd7
12.Qd1b3 b5
13.Ra1c1 e6
14.Nc3xb5 axb5
15.Be2xb5 Ra8c8
16.Rc1c2 Qd7b7
17.Qb3a4 Nc6e7
18.Bb5a6 Rc8a8
19.Ba6xb7 Ra8xa4
20.Bf4d6 Rf8e8
21.Rc2c7 Ne7f5
22.Bd6a3 Bg7f8
23.Bb7c6 Ra4c4
24.Bc6xe8 Rc4xc7
25.Ba3xf8 Kxf8
26.Be8a4 Nf6e4
27.Rf1a1 Ke7
28.f3 Ne4d6
29.Kf2 h5
30.b4 Nd6c4
31.Ra1e1 Nc4xe3
32.Ba4b3 Ne3c4
33.a4  { time }
1-0

[Event "Match"]
[Site "www.echecsemail.com"]
[Date "2016.01.18"]
[Round "1"]
[White "Orae"]
[Black "Irene"]
[WhiteElo "1780"]
[BlackElo "2070"]
[Result "0-1"]
[Round "1"]
1.c4 e5
2.e4 b6
3.d4 exd4
4.Qd1xd4 Bc8b7
5.Ng1f3 Ng8f6
6.Bc1g5 Bf8b4
7.Bg5d2 Bb4c5
8.Qd4e5 Bc5e7
9.Nb1c3 Nb8c6
10.Qe5g5 O-O
11.Qg5g3 Be7d6
12.e5 Rf8e8
13.Bd2h6 g6
14.Bh6g5 Nc6xe5
15.Nf3xe5 Re8xe5
16.Bf1e2 Re5xe2
17.Nc3xe2 Bd6xg3
18.hxg3 Bb7xg2
19.Rh1h2 Bg2f3
20.Ne2f4 Qd8e8
21.Kf1 Nf6e4
22.Ra1e1 Ne4d2
 { time }
0-1

[Event "Match"]
[Site "www.echecsemail.com"]
[Date "2016.01.18"]
[Round "1"]
[White "Pinehill"]
[Black "Delacey"]
[WhiteElo "2110"]
[BlackElo "1990"]
[Result "1-0"]
[Round "1"]
1.e4 d6
2.d4 Ng8f6
3.Nb1c3 g6
4.Ng1f3 Bf8g7
5.Bf1e2 O-O
6.h3 Nb8d7
7.O-O c6
8.e5 Nf6e8
9.Be2c4 d5
10.Bc4d3 f5
11.Nf3g5 Nd7b6
12.f4 e6
13.h4 h6
14.Ng5f3 Bc8d7
15.g3 Ne8c7
16.Bc1e3 Nb6c4
17.Bd3xc4 dxc4
18.Nc3e2 Nc7d5
19.Qd1d2 Qd8b6
20.c3 Nd5xe3
21.Qd2xe3 Qb6xb2
22.Rf1b1 Qb2a3
23.Rb1xb7 Rf8d8
24.Qe3d2 Bd7c8
25.Rb7c7 Bc8d7
26.Ra1b1 Bg7f8
27.Rb1b7 c5
28.Rc7xd7 Rd8xd7
29.Rb7xd7 Ra8b8
30.d5 Rb8b2
31.Qd2e3 Qa3xa2
32.Kf2 a5
33.dxe6 a4
34.e7 Bf8xe7
35.Rd7xe7 a3
36.Nf3g1 Qa2b3
37.Qe3xc5 Qb3b6
38.Qc5xb6 Rb2xb6
39.Re7a7 Rb6b3
40.Ng1f3 Kh8
41.Nf3d4 Rb3b2
42.Ra7xa3 Rb2d2
43.e6 { resign }
1-0

[Event "Match"]
[Site "www.echecsemail.com"]
[Date "2016.01.18"]
[Round "1"]
[White "Duff"]
[Black "Wagner"]
[WhiteElo "1740"]
[BlackElo "1730"]
[Result "1-0"]
[Round "1"]
1.e4 e5
2.Ng1f3 d6
3.d4 Bc8e6
4.dxe5 d5
5.exd5 Be6xd5
6.Nb1c3 c6
7.Nc3xd5 cxd5
8.Bf1b5 Nb8c6
9.Nf3d4 Qd8b6
10.Bb5xc6 bxc6
11.O-O Bf8c5
12.Nd4b3 Bc5e7
13.Bc1e3 c5
14.Qd1xd5 Ra8d8
15.Qd5c4 Qb6g6
16.Nb3xc5 f6
17.exf6 Be7d6
18.fxg7 Qg6xg7
19.Be3d4 Ng8f6
20.Nc5e6 Qg7f7
21.Qc4c6 { resign }
1-0

[Event "Match"]
[Site "www.echecsemail.com"]
[Date "2016.01.18"]
[Round "1"]
[White "Azulmarino"]
[Black "Ssharp"]
[WhiteElo "1700"]
[BlackElo "2250"]
[Result "0-1"]
[Round "1"]
1.e4 e5
2.Ng1f3 Nb8c6
3.Bf1b5 Bf8c5
4.a3 d6
5.Nb1c3 Bc8d7
6.Nc3d5 Ng8e7
7.Bb5c4 Ne7xd5
8.Bc4xd5 Qd8e7
9.d3 f6
 { time }
0-1

[Event "Match"]
[Site "www.echecsemail.com"]
[Date "2016.01.18"]
[Round "1"]
[White "Jhw"]
[Black "Johndyson"]
[WhiteElo "1960"]
[BlackElo "2460"]
[Result "0-1"]
[Round "1"]
1.e4 c6
2.Bf1c4 d5
3.exd5 cxd5
4.Bc4b5 Nb8c6
5.Bb5xc6 bxc6
6.d4 Bc8a6
7.b4 e5
8.Ng1f3 e4
9.Nf3e5 Bf8xb4
10.c3 Bb4d6
11.Bc1f4 Ng8e7
12.Qd1h5 O-O
13.Nb1d2 Qd8c7
14.g4 f6
 { time }
0-1

[Event "Match"]
[Site "www.echecsemail.com"]
[Date "2016.01.18"]
[Round "1"]
[White "Ditto"]
[Black "Ztornad"]
[WhiteElo "1770"]
[BlackElo "1700"]
[Result "0-1"]
[Round "1"]
1.e4 e5
2.Ng1f3 d6
3.Bf1c4 Ng8f6
4.O-O Nf6xe4
5.d3 Ne4c5
6.Nb1c3 h6
7.b3 Nc5e6
 { time }
0-1

[Event "Match"]
[Site "www.echecsemail.com"]
[Date "2016.01.18"]
[Round "1"]
[White "Germancho95"]
[Black "Hurtadofredy"]
[WhiteElo "1550"]
[BlackElo "1580"]
[Result "1-0"]
[Round "1"]
1.e4 e5
2.Ng1f3 d6
3.Bf1b5 c6
4.Bb5a4 Nb8d7
5.c3 Ng8e7
6.h3 Nd7c5
7.Ba4c2 a5
8.d4 Nc5e6
9.Bc1e3 g6
10.Nb1d2 Bf8g7
11.Nd2f1 f6
12.Nf1g3 h6
13.h4 h5
14.d5 cxd5
15.exd5 Ne6c7
16.a4  { time }
1-0

[Event "Match"]
[Site "www.echecsemail.com"]
[Date "2016.01.18"]
[Round "1"]
[White "Julianlore"]
[Black "Nikas"]
[WhiteElo "2700"]
[BlackElo "1710"]
[Result "1-0"]
[Round "1"]
1.e4 e5
2.Ng1f3 Nb8c6
3.Bf1c4 Bf8c5
4.c3 Ng8f6
5.d3 d6
6.Nb1d2 a6
7.Nd2f1 Bc5a7
8.Bc4b3 h6
9.h3 O-O
10.Nf1g3 Qd8e7
11.O-O Bc8e6
12.Bb3xe6 Qe7xe6
13.d4 Nc6e7
14.Rf1e1 c6
15.Bc1e3 Nf6d7
16.b3 Rf8d8
17.Qd1c2 d5
18.exd5 cxd5
19.dxe5 Ba7xe3
20.Re1xe3 Rd8e8
21.Nf3d4 Qe6g6
22.Ng3f5 Ne7xf5
23.Nd4xf5 Kf8
24.Re3g3 Qg6b6
25.Nf5xg7 Re8xe5
26.Qc2h7 Ke7
27.Ng7f5 Ke6
28.Nf5xh6 Ra8f8
29.Nh6g4 Re5f5
30.Ra1e1 Kd6
31.Qh7xf5 { resign }
1-0

[Event "1/128 Finale"]
[Site "www.chess-mail.com"]
[Date "2016.01.18"]
[Round "1"]
[White "Ffdd65"]
[Black "Roque1"]
[WhiteElo "2150"]
[BlackElo "1560"]
[Result "1-0"]
[Round "1"]
1.e4 e5
2.d4 Nb8c6
3.d5 Nc6b8
4.Bf1c4 Ng8f6
5.Qd1f3 c6
6.Bc1g5 cxd5
7.Bc4xd5 Qd8a5
8.Bg5d2 Qa5b6
9.Bd2c3 Nf6xd5
10.exd5 Bf8b4
11.b3 d6
12.Ng1e2 Nb8d7
13.O-O Nd7f6
14.a3 Bb4xc3
15.Nb1xc3 O-O
16.h3 Rf8e8
17.Nc3a4 Qb6a5
18.c4 b5
19.Na4b2 e4
20.Qf3e3 Bc8a6
21.b4 Qa5c7
22.Ra1c1 bxc4
23.Ne2c3 Qc7b7
24.Rf1d1 Re8e7
25.Rd1d4 Ra8e8
26.Nb2xc4 Ba6xc4
27.Rd4xc4 Nf6xd5
28.Nc3xd5 Qb7xd5
29.Rc4c8 Qd5b7
30.Rc8c6 d5
31.Rc1c5 Re7d7
32.Qe3c3 d4
33.Rc6c8 Re8d8
34.Rc8xd8 Rd7xd8
35.Qc3c4 d3
36.Rc5c7 Qb7xc7
37.Qc4xc7 Rd8e8
38.Kf1 Kf8
39.Qc7c5 Re8e7
40.Ke1 g6
41.Qc5c3 f5
42.Qc3h8 Kf7
43.Qh8xh7 Kf6
44.Qh7h4 Kf7
45.Qh4f4 Kf6
46.Qf4d6 Kf7
47.Kd2 Re7e6
48.Qd6c5 Re6e7
49.b5 Re7b7
50.Qc5d5 { resign }
1-0

[Event "Eq:Equipo Juan Diaz-Slap Shot Mates : "]
[Site "www.chess-mail.com"]
[Date "2016.01.18"]
[Round "1"]
[White "Geodad5"]
[Black "Naujzaid"]
[WhiteElo "2200"]
[BlackElo "1900"]
[Result "0-1"]
[Round "1"]
1.e4 c5
2.Ng1f3 d6
3.d4 cxd4
4.Nf3xd4 Ng8f6
5.Nb1c3 e6
6.Bc1g5 a6
7.Bf1d3 Bf8e7
8.O-O O-O
9.Qd1d2 b5
10.a3 Bc8b7
11.Ra1d1 Nb8c6
12.Nd4xc6 Bb7xc6
13.Bg5xf6 Be7xf6
14.b4 Ra8c8
15.Nc3e2 d5
16.exd5 Qd8xd5
17.f3 Rf8d8
18.Ne2g3 Bf6b2
19.Qd2e2 Qd5g5
20.f4 Qg5e7
21.c4 Bb2xa3
22.cxb5 Bc6xb5
23.Bd3xb5 axb5
24.Qe2xb5 Ba3xb4
25.Rd1xd8 Rc8xd8
26.Ng3e4 h6
27.Rf1b1 Bb4d6
28.g3 Qe7a7
29.Kg2 Bd6f8
30.Rb1b2 Qa7d4
31.Ne4f2 Qd4d5
32.Kh3 Qd5xb5
33.Rb2xb5 Kh7
34.Rb5b7 Kg6
35.Nf2g4 f6
36.Rb7b6 h5
37.Ng4e3 Rd8d6
38.Rb6xd6 Bf8xd6
39.Kg2 Bd6c5
40.Ne3c4 Kf5
41.Kf3 e5
42.fxe5 fxe5
43.Nc4d2 g5
44.h3 g4
45.hxg4 hxg4
46.Ke2 e4
47.Nd2f1 Bc5g1
48.Nf1d2 Ke5
49.Nd2c4 Kd5
50.Nc4d2 Kd4
51.Nd2f1 e3
{ resign }
0-1

[Event "Eq:chibcha-Equipo Juan Diaz : "]
[Site "www.chess-mail.com"]
[Date "2016.01.18"]
[Round "1"]
[White "Ilusion"]
[Black "Ditto"]
[WhiteElo "2010"]
[BlackElo "1800"]
[Result "1-0"]
[Round "1"]
1.d4 e6
2.c4 d5
3.Nb1c3 Ng8f6
4.cxd5 exd5
5.Bc1g5 Bf8b4
6.e3 Bc8f5
7.Bf1d3 Bf5g4
8.Bg5xf6 Bg4xd1
9.Bf6xd8 Kxd8
10.Ra1xd1 c6
11.Ng1f3 Nb8d7
12.O-O f6
13.Rd1c1 Kc7
14.a3 Bb4d6
15.b4 Ra8e8
16.Nc3b5  { time }
1-0

[Event "Fast Game"]
[Site "www.echecsemail.com"]
[Date "2016.01.18"]
[Round "1"]
[White "Cal"]
[Black "Ipswich"]
[WhiteElo "1490"]
[BlackElo "1429"]
[Result "1-0"]
[Round "1"]
1.Nb1c3 d5
2.d4 Ng8f6
3.h3 e6
4.a3 c5
5.e3 Nb8c6
6.Bf1b5 Bc8d7
7.Ng1f3 Bf8e7
8.Bb5xc6 Bd7xc6
9.Nf3e5 Qd8c7
10.O-O O-O
11.f4 cxd4
12.exd4 a6
13.b4 Nf6d7
14.Qd1g4 Be7f6
15.Ne5xd7 Qc7xd7
16.f5 exf5
17.Rf1xf5 Kh8
18.Nc3e2 Bc6b5
19.Ne2f4 Rf8e8
20.Bc1d2 Bb5c6
21.Nf4h5  { time }
1-0